[Event "Veneto-ch qf 81st"]
[Site "Verona"]
[Date "2022.05.08"]
[Round "4.9"]
[White "Passon, Stefano"]
[Black "Faccia, Sergio"]
[Result "0-1"]
[WhiteElo "1698"]
[BlackElo "1934"]
[PlyCount "82"]
[EventDate "2022.05.06"]
[EventType "swiss"]
[EventRounds "5"]
[EventCountry "ITA"]
[SourceTitle "EXT 2024"]
[Source "ChessBase"]
[SourceDate "2023.10.10"]
[SourceVersion "1"]
[SourceVersionDate "2023.10.10"]
[SourceQuality "1"]

1. d4 c5 2. d5 Nf6 3. Nc3 g6 4. e4 d6 5. Nf3 Bg7 6. Bc4 0-0 7. h3 b6 8. Qe2 Re8 9. 0-0 e6 10. Bg5 h6 11. Bxf6 Bxf6 12. Qd2 Bg7 13. Rab1 e5 14. b4 cxb4 15. Rxb4 Na6 16. Rb2 Nc5 17. Bb5 Bd7 18. Ne1 Bxb5 19. Rxb5 Rc8 20. Nd3 Nxd3 21. cxd3 Qd7 22. a4 Rc7 23. Na2 a5 24. Qb2 Rec8 25. Rc1 Rxc1+ 26. Nxc1 Qc7 27. Nb3 Bf6 28. Nd2 Qc1+ 29. Kh2 Qd1 30. Nc4 Qxd3 31. Nxd6 Rc2 32. Qb3 Rc3 33. Qb1 Qd4 34. Qb2 Bh4 35. g3 Qd3 36. gxh4 Qxh3+ 37. Kg1 Qg4+ 38. Kf1 Rh3 39. Ke1 Rh1+ 40. Kd2 Qd1+ 41. Kc3 Rh3+ 0-1

[Event "Verona-chT Serie C/9 51st"]
[Site "Verona"]
[Date "2019.03.17"]
[Round "4.2"]
[White "Magnani, Carlo"]
[Black "Faccia, Sergio"]
[Result "1-0"]
[WhiteElo "1821"]
[BlackElo "1989"]
[PlyCount "27"]
[EventDate "2019.03.15"]
[EventType "team-tourn"]
[EventRounds "5"]
[EventCountry "ITA"]
[SourceTitle "EXT 2022"]
[Source "ChessBase"]
[SourceDate "2021.10.06"]
[SourceVersion "1"]
[SourceVersionDate "2021.10.06"]
[SourceQuality "1"]
[WhiteTeam "Lodi Wasken Boys"]
[BlackTeam "Verona S Bonifacio Cavalli Pazzi"]
[WhiteTeamCountry "ITA"]
[BlackTeamCountry "ITA"]

1. e4 e5 2. Nf3 Nc6 3. d4 exd4 4. Nxd4 Nf6 5. Nc3 Bb4 6. Nxc6 bxc6 7. Bd3 h6 8. 0-0 0-0 9. e5 Bxc3 10. bxc3 Ne8 11. Qh5 Qe7 12. Bxh6 gxh6 13. Qxh6 f5 14. Bc4+ 1-0

[Event "Venice Autumn op 20th"]
[Site "Venice"]
[Date "2014.11.01"]
[Round "2"]
[White "Dappiano, Andrea"]
[Black "Faccia, Sergio"]
[Result "1-0"]
[WhiteElo "2211"]
[BlackElo "1998"]
[PlyCount "61"]
[EventDate "2014.10.31"]
[EventType "swiss"]
[EventRounds "5"]
[EventCountry "ITA"]
[SourceTitle "EXT 2015"]
[Source "ChessBase"]
[SourceDate "2014.11.20"]
[SourceVersion "1"]
[SourceVersionDate "2014.11.20"]
[SourceQuality "1"]

1. e4 e5 2. Bc4 Nc6 3. Nc3 Nf6 4. d3 h6 5. f4 exf4 6. Bxf4 Bb4 7. Nge2 d5 8. exd5 Nxd5 9. Bxd5 Qxd5 10. 0-0 Qd8 11. Qe1 Bd6 12. Ng3+ Be6 13. Nf5 Bf8 14. Nb5 Rc8 15. Qe4 g6 16. Nfd4 Bc5 17. Be3 Qd5 18. Qxd5 Bxd5 19. Rae1 0-0 20. Nxc6 Bxe3+ 21. Rxe3 bxc6 22. Nc3 Be6 23. Rf4 Rb8 24. b3 Rb6 25. Ra4 Ra8 26. Ne4 Kf8 27. Nc5 Bc8 28. Rd4 Kg7 29. Rd8 Rb5 30. d4 Bb7 31. Nxb7 1-0

[Event "Basso Veronese op 6th"]
[Site "Casaleone"]
[Date "2013.05.19"]
[Round "5"]
[White "Fongarolli, Diego"]
[Black "Faccia, Sergio"]
[Result "1/2-1/2"]
[WhiteElo "2073"]
[BlackElo "2032"]
[PlyCount "29"]
[EventDate "2013.05.17"]
[EventType "swiss"]
[EventRounds "5"]
[EventCountry "ITA"]
[SourceTitle "EXT 2014"]
[Source "ChessBase"]
[SourceDate "2013.11.20"]
[SourceVersion "1"]
[SourceVersionDate "2013.11.20"]
[SourceQuality "1"]

1. e4 e5 2. Nf3 Nc6 3. Bb5 a6 4. Bxc6 dxc6 5. 0-0 Bg4 6. h3 h5 7. d3 Bxf3 8. Qxf3 Qf6 9. Nd2 Bd6 10. Qxf6 Nxf6 11. Nc4 Nd7 12. Nxd6+ cxd6 13. f4 f6 14. Be3 0-0-0 15. Rf3 1/2-1/2

[Event "Basso Veronese op 6th"]
[Site "Casaleone"]
[Date "2013.05.18"]
[Round "2"]
[White "Negro, Raffaele"]
[Black "Faccia, Sergio"]
[Result "0-1"]
[WhiteElo "1838"]
[BlackElo "2032"]
[PlyCount "152"]
[EventDate "2013.05.17"]
[EventType "swiss"]
[EventRounds "5"]
[EventCountry "ITA"]
[SourceTitle "EXT 2014"]
[Source "ChessBase"]
[SourceDate "2013.11.20"]
[SourceVersion "1"]
[SourceVersionDate "2013.11.20"]
[SourceQuality "1"]

1. d4 Nf6 2. Nf3 c5 3. c3 cxd4 4. cxd4 d5 5. Nc3 g6 6. Bf4 Bg7 7. e3 0-0 8. Bd3 Bg4 9. h3 Bxf3 10. Qxf3 Nc6 11. 0-0 e6 12. Rac1 Rc8 13. a3 Na5 14. Nb5 Nb3 15. Rxc8 Qxc8 16. Qd1 Na5 17. Nxa7 Qa8 18. Nb5 Nc4 19. Qe2 Qa4 20. Nd6 b5 21. Nxc4 bxc4 22. Bc2 Qa5 23. Bd6 Ra8 24. Bb4 Qb6 25. b3 cxb3 26. Bxb3 Bf8 27. Bxf8 Kxf8 28. Qa2 Ne4 29. Rc1 Qa5 30. a4 Qb4 31. Bd1 Qe1+ 32. Kh2 Nxf2 33. Qa3+ Kg7 34. Bf3 Qa5 35. Rf1 Ne4 36. Bxe4 Qc7+ 37. Kg1 dxe4 38. Rc1 Qa5 39. Qc5 Qd2 40. Qc3 Qxc3 41. Rxc3 Rxa4 42. Kf2 Ra2+ 43. Kg3 Re2 44. Kh2 h5 45. Kg1 Kf6 46. Kf1 Rd2 47. Rc5 Ke7 48. Rc7+ Ke8 49. h4 Rb2 50. Rc5 Kd7 51. Ra5 Rc2 52. Ra7+ Rc7 53. Ra5 f6 54. Kf2 Ke7 55. Rb5 Kd6 56. Kf1 Rc3 57. Kf2 Rc2+ 58. Kf1 f5 59. g3 Rd2 60. Rb7 Kd5 61. Rg7 Kc4 62. Rxg6 Kd3 63. Rxe6 Kxe3 64. Rf6 Rf2+ 65. Kg1 Rf3 66. d5 Rxg3+ 67. Kf1 f4 68. Rf8 Kf3 69. d6 e3 70. Re8 Rh3 71. Kg1 Rg3+ 72. Kf1 Rg7 73. Re7 Rg8 74. d7 Ra8 75. Kg1 Ra1+ 76. Kh2 Rd1 0-1

[Event "Verona Province-ch"]
[Site "Zevio Verona"]
[Date "2013.01.12"]
[Round "1"]
[White "Faccia, Sergio"]
[Black "Adami, Alessandro"]
[Result "1-0"]
[WhiteElo "2013"]
[BlackElo "1738"]
[PlyCount "40"]
[EventDate "2013.01.12"]
[EventType "swiss"]
[EventRounds "6"]
[EventCountry "ITA"]
[SourceTitle "EXT 2024"]
[Source "ChessBase"]
[SourceDate "2023.10.10"]
[SourceVersion "1"]
[SourceVersionDate "2023.10.10"]
[SourceQuality "1"]

1. e4 c5 2. b4 b6 3. bxc5 bxc5 4. Nf3 Bb7 5. Nc3 e6 6. Rb1 Bc6 7. Bc4 d5 8. exd5 exd5 9. Qe2+ Be7 10. Bb5 Nf6 11. 0-0 0-0 12. d4 c4 13. Bf4 Bxb5 14. Rxb5 Re8 15. Ne5 Bd6 16. Qf3 a6 17. Rb7 Re7 18. Rfb1 Rxb7 19. Rxb7 Bc7 20. Nxf7 Bxf4 1-0

[Event "Basso Veronese op 5th"]
[Site "Casaleone"]
[Date "2012.05.??"]
[Round "1"]
[White "Adami, Alessandro"]
[Black "Faccia, Sergio"]
[Result "0-1"]
[WhiteElo "1741"]
[BlackElo "2024"]
[PlyCount "66"]
[EventDate "2012.05.19"]
[EventType "swiss"]
[EventRounds "6"]
[EventCountry "ITA"]
[SourceTitle "EXT 2014"]
[Source "ChessBase"]
[SourceDate "2013.11.20"]
[SourceVersion "1"]
[SourceVersionDate "2013.11.20"]
[SourceQuality "1"]

1. e4 e5 2. d4 exd4 3. Qxd4 Nc6 4. Qe3 Nf6 5. Nc3 Bb4 6. Bd2 0-0 7. 0-0-0 Re8 8. Bc4 d6 9. h3 Bxc3 10. Bxc3 Nxe4 11. Qf4 Qd7 12. Nf3 Nxc3 13. bxc3 Qf5 14. Qd2 Be6 15. Bb3 a5 16. Nd4 Nxd4 17. Qxd4 Bxb3 18. cxb3 Re2 19. Rd2 Rae8 20. Rhd1 R8e4 21. Qd3 Qe5 22. Rxe2 Rxe2 23. Rd2 Re1+ 24. Rd1 Qg5+ 25. Kb2 Rxd1 26. Qxd1 Qxg2 27. Qe2 g6 28. Qe3 Qd5 29. h4 Kg7 30. a4 h5 31. f4 b6 32. c4 Qe6 33. Qf3 Qf6+ 0-1

[Event "Venice Autumn op 17th"]
[Site "Venice"]
[Date "2011.10.31"]
[Round "4"]
[White "Cardarelli, Angelo"]
[Black "Faccia, Sergio"]
[Result "0-1"]
[WhiteElo "2018"]
[BlackElo "2078"]
[PlyCount "58"]
[EventDate "2011.10.30"]
[EventType "swiss"]
[EventRounds "5"]
[EventCountry "ITA"]
[SourceTitle "EXT 2012"]
[Source "ChessBase"]
[SourceDate "2011.11.24"]
[SourceVersion "1"]
[SourceVersionDate "2011.11.24"]
[SourceQuality "1"]

1. e4 e5 2. Nf3 Nc6 3. Bb5 a6 4. Ba4 Nf6 5. 0-0 b5 6. Bb3 Be7 7. Re1 0-0 8. c3 d5 9. exd5 Nxd5 10. Nxe5 Nxe5 11. Rxe5 Nf6 12. d4 Bd6 13. Re1 Ng4 14. h3 Nxf2 15. Qf3 Qh4 16. Re2 Ng4 17. Qxa8 Qg3 18. hxg4 Qh2+ 19. Kf1 Bg3 20. Be3 Qh1+ 21. Bg1 Bh2 22. Rf2 Qxg1+ 23. Ke2 Bxg4+ 24. Qf3 Re8+ 25. Kd3 Bxf3 26. Rxf3 Qxg2 27. Bxf7+ Kh8 28. Nd2 Re2 29. Rd1 Rxd2+ 0-1

[Event "Basso Veronese op 4th"]
[Site "Casaleone"]
[Date "2011.06.05"]
[Round "5"]
[White "Faccia, Sergio"]
[Black "Molina, Fabrizio"]
[Result "1-0"]
[WhiteElo "2045"]
[BlackElo "2236"]
[PlyCount "67"]
[EventDate "2011.05.28"]
[EventType "swiss"]
[EventRounds "6"]
[EventCountry "ITA"]
[SourceTitle "EXT 2023"]
[Source "ChessBase"]
[SourceDate "2022.10.05"]
[SourceVersion "1"]
[SourceVersionDate "2022.10.05"]
[SourceQuality "1"]

1. e4 d6 2. d4 Nf6 3. Nc3 Nbd7 4. Nf3 e5 5. dxe5 dxe5 6. Bc4 Be7 7. Ng5 0-0 8. Bxf7+ Rxf7 9. Ne6 Qe8 10. Nxc7 Qd8 11. Nxa8 b6 12. Nd5 Bc5 13. Be3 Bxe3 14. Nxe3 Bb7 15. Nxb6 Qxb6 16. 0-0 Nxe4 17. Qe2 Nf8 18. c4 Ng5 19. Nd5 Qg6 20. Kh1 Nd7 21. f4 Bxd5 22. fxg5 Be6 23. Rxf7 Qxf7 24. Rf1 Qe7 25. Qe4 Qc5 26. Qa8+ Nf8 27. b3 a5 28. Qe8 a4 29. h4 axb3 30. axb3 g6 31. Rxf8+ Kg7 32. Rf6 Bg8 33. Rc6 Qe3 34. Qe7+ 1-0

[Event "Basso Veronese op 4th"]
[Site "Casaleone"]
[Date "2011.05.28"]
[Round "1"]
[White "Menini, Luca"]
[Black "Faccia, Sergio"]
[Result "0-1"]
[WhiteElo "1710"]
[BlackElo "2045"]
[PlyCount "38"]
[EventDate "2011.05.28"]
[EventType "swiss"]
[EventRounds "6"]
[EventCountry "ITA"]
[SourceTitle "EXT 2023"]
[Source "ChessBase"]
[SourceDate "2022.10.05"]
[SourceVersion "1"]
[SourceVersionDate "2022.10.05"]
[SourceQuality "1"]

1. e4 e5 2. Nf3 Nc6 3. d4 exd4 4. Nxd4 Bc5 5. Nxc6 bxc6 6. Nc3 Qh4 7. Qd2 Nf6 8. Qf4 Ng4 9. Nd1 d5 10. g3 Qe7 11. Bd3 f5 12. f3 0-0 13. fxg4 fxe4 14. Qg5 exd3+ 15. Qxe7 Bxe7 16. cxd3 Bxg4 17. Ne3 Bf3 18. Rf1 Rad8 19. h4 Bc5 0-1

[Event "Basso Veronese 2nd"]
[Site "Casaleone"]
[Date "2009.11.15"]
[Round "7"]
[White "Bertani, Gianfranco"]
[Black "Faccia, Sergio"]
[Result "1-0"]
[WhiteElo "2077"]
[BlackElo "2054"]
[PlyCount "105"]
[EventDate "2009.11.07"]
[EventType "tourn"]
[EventRounds "7"]
[EventCountry "ITA"]
[SourceTitle "EXT 2012"]
[Source "ChessBase"]
[SourceDate "2011.11.24"]
[SourceVersion "1"]
[SourceVersionDate "2011.11.24"]
[SourceQuality "1"]

1. Nf3 Nf6 2. d3 d5 3. g3 c5 4. Bg2 Nc6 5. Nbd2 e5 6. e4 dxe4 7. dxe4 Bg4 8. 0-0 Be7 9. c3 0-0 10. Qc2 b5 11. Rd1 Qc7 12. Nf1 Rad8 13. Bg5 Rxd1 14. Rxd1 Rd8 15. Bxf6 Bxf6 16. Ne3 Bh5 17. Nd5 Qa5 18. a3 Qa4 19. Nxf6+ gxf6 20. Rxd8+ Nxd8 21. Qxa4 bxa4 22. h3 Nb7 23. g4 Bg6 24. Nd2 h5 25. f3 hxg4 26. hxg4 Kg7 27. Nc4 Kh6 28. Kf2 Kg5 29. Kg3 Nd8 30. Nd6 Nc6 31. Bf1 Bh7 32. Nb7 f5 33. gxf5 f6 34. Bc4 Kh6 35. Nxc5 Na5 36. Bd5 Kg7 37. Nxa4 Bg8 38. Bxg8 Kxg8 39. Nc5 Nc4 40. Nd3 a5 41. b4 a4 42. Nc5 Nb6 43. f4 exf4+ 44. Kxf4 Kf7 45. Ke3 Ke7 46. Kd4 Kd6 47. c4 Kc6 48. Nd3 Nc8 49. e5 fxe5+ 50. Nxe5+ Kd6 51. f6 Ke6 52. f7 Ke7 53. Kc5 1-0